00289nam a2200133Ia 4500003000400000005001700004008004000021040000700061041000800068082001800076100001600094245002100110260002400131OSt20260206103702.0210210b2000 xxu||||| |||| 00| 0 eng d cAL aeng a823.0872 BLYS aEnid Blyton aSea of adventure bNot Mentionedc2000